000 00632nas a2200229 4500
001 BR9604180
003 BR-BrBNA
005 20231205094845.0
007 ta
008 230509b bl.|||p| |||| 00| 00por d
040 _aBR-BrBNA
_bpor
_cBiblioteca Nacional de Agricultura
041 _a(Pt)
072 _aF04
100 1 _aFernandes, M.A.D.
245 1 _aCanola no grupo agropecuaria, uma analise do caso
650 _aColza
650 _aAdubacao
650 _aCalagem
773 0 _tRevista Batavo (Brazil)
_x
_g(Feb 1994), v. 3(28) p. 10-11
_wBR9604180
909 _a202311
_bLúcia
_c55
_dLúcia Elande
942 _2AGRIS
_n0
_cANA
999 _c147364
_d147364